Japan buys British 1985 - The year of the first billion pounds

Αποθηκεύτηκε σε:
Λεπτομέρειες βιβλιογραφικής εγγραφής
Μορφή: Βιβλίο
Γλώσσα:Undetermined
Έκδοση: London The Anglo-Japanese Economic Institute 1986
Θέματα:
Ετικέτες: Προσθήκη ετικέτας
Δεν υπάρχουν, Καταχωρήστε ετικέτα πρώτοι!
Thư viện lưu trữ: Trung tâm Học liệu Trường Đại học Cần Thơ
LEADER 00430nam a2200145Ia 4500
001 CTU_78850
008 210402s9999 xx 000 0 und d
082 |a 332.42 
082 |b J.35 
245 0 |a Japan buys British 1985 - The year of the first billion pounds 
260 |a London 
260 |b The Anglo-Japanese Economic Institute 
260 |c 1986 
650 |a Monetary 
980 |a Trung tâm Học liệu Trường Đại học Cần Thơ